=LDR 00000nam 2200000 4500 =001 INLIS000000000001422 =005 20130612085828 =008 ***********************************Ind** =035 ##$$0010-061300000001422 =041 ##$$a Ind =082 ##$$a 819.1 =090 ##$$a 819.1, Sar-p =100 ##$$a SARAGIH, J.E =245 ##$$a Pustaka Laklak Nomor 252 Museum Simalungun, J.E. Saragih =260 ##$$a [19..?] $b Jakarta =300 ##$$a v, 195 hlm, ilus, 21 cm =650 ##$$a Kesusastraan Batak Simalungun =850 ##$$a NBPNMAT